00193nam a2200085Ia 4500008004100000041000800041100001000049245003800059650001000097230605s9999 xx 000 0 und d aeng aobite aUltimate family visual dictionary aDict.